000 00925nam a2200229Ia 4500
999 _c56547
_d56547
001 23661
003 GE_BSU
005 20241008115932.0
008 181216s2008||||ge |||||||||||||| ||geo||
040 _cGE_BSU
041 _ageo
080 _a616.8(076.5) ვ-25
100 _aვაშაძე, შორენა
_92747
245 _aკლინიკური ნევროლოგიის პრაქტიკული სახელმძღვანელო /
_cშორენა ვაშაძე.
264 _aთბილისი,
_c2008.
300 _a135 გვ.:
_bილ.;
_c20 სმ.
504 _aბიბლიოგრ. გვ. 135
653 _aკლინიკური ნევროლოგიის პრაქტიკული სახელმძღვანელო
653 _aმედიცინა
653 _aნევროლოგია
942 _cBK
_2udc